MDQL
is popping MORE tags! Check the
thread
!
Quizzes
Events
Quiz Creation
Community
Videos
Private Events
Remove Ads
Sign In
Join for FREE
Feedback
Dark Mode
Quiz Categories
Sports
Geography
Music
Movies
Television
Just For Fun
Miscellaneous
History
Literature
Language
Science
Gaming
Entertainment
Religion
Holiday
For Kids
Quiz Lab
Recent
Popular Today
Quiz Kudos Today
Editor Picks
Curator Picks
Quizzes by...
Day
Popularity
Type
Ratings
Length
Year
Community
Subscriptions
Recent Discussions
Orange Saloon
Badges
Playlists
Quests
Create
Leaderboards
Showdown
Live 5
Trivia Bingo
Activity
Puzzle Library
Sporcle Events
Private Events
Virtual Trivia
Globe League
Become a Host
Pub Owners
SporcleCon
Opinionation
Our Games
Videos
Blog
Mobile Apps
Partnerships
Remove Ads and Go Orange
Feedback
Music
Pop Music
The Beatles
Song
Album
Lyrics
Bands
Singers
Artist
Clip
Rock
Rap
Classical
Billboard
Country Music
Kpop
Taylor Swift
Music
Pop Music
The Beatles
Song
Album
Lyrics
Bands
Singers
Artist
Clip
Rock
Rap
Classical
Billboard
Country Music
Kpop
Taylor Swift
Random Quiz
Search Sporcle
×
Quiz Lab
Quiz Lab
Music
chord
Type in answers that appear in a list
Type in answers that appear in a list
Classic
Best Score? Go Orange.
Major Triads Inversions Stats
Can you name the inversions of major chord triads?
By
threepwood
4m
36 Questions
262 Plays
262 Plays
262 Plays
Comments
Comments
Give Quiz Kudos
Give Quiz Kudos
-
- Ratings
hide this ad
Replay
Link that replays current quiz
Next Quiz
Link to next quiz in quiz playlist
You Got
0%
They Got
Avg Score
60%
Avg Friend Score
Upgrade to see
Score Distribution
Jump to the score distribution portion of the page
Score
0/36
Timer
04:00
0
Plays Today
inversion
% Correct
root
CEG
99.6%
1st inversion
EGC
95%
2nd inversion
GCE
93.9%
root
GBD
90.1%
1st inversion
BDG
86.3%
2nd inversion
DGB
85.5%
root
DF#A
79%
1st inversion
F#AD
74%
root
AC#E
72.5%
2nd inversion
ADF#
70.6%
1st inversion
C#EA
69.1%
root
EG#B
68.7%
2nd inversion
EAC#
67.9%
1st inversion
G#BE
65.3%
2nd inversion
BEG#
64.9%
root
BD#F#
63%
1st inversion
D#F#B
62.2%
2nd inversion
F#BD#
61.1%
inversion
% Correct
root
F#A#C#
56.9%
1st inversion
A#C#F#
53.4%
root
C#E#G#
53.4%
2nd inversion
C#F#A#
51.9%
1st inversion
E#G#C#
51.1%
root
FAC
50%
2nd inversion
G#C#E#
49.6%
1st inversion
ACF
47.3%
2nd inversion
CFA
46.2%
root
AbCEb
44.7%
root
EbGBb
42.7%
root
BbDF
40.1%
1st inversion
CEbAb
39.7%
1st inversion
GBbEb
39.7%
2nd inversion
EbAbC
39.3%
2nd inversion
BbEbG
37.4%
1st inversion
DFBb
37.4%
2nd inversion
FBbD
37%
Quiz Playlist
Details
Report
Send in Message
Add To Playlist
Classic:
Type in answers that appear in a list
Quiz Source
Last Updated: Feb 16, 2017
Quiz Scoreboard
CHALLENGE
Sign Up to Join the Scoreboard
Show All
Scores
Hide
Comments
May contain spoilers
Recently Published
Holiday 10x10 Sorting Gallery
by lukepisani3
Holiday
15m
Two Season TV Shows II
by 123Four
Television
10m
Image Sorting: Flags VI
by Barbecue
Geography
2m
More to Explore
Quiz From the Vault
Featured Blog Post
14 Easter Pick-up Lines to Find Eggs With
hide this ad
You Might Also Like...
Tags
chord
Inversion
Key
major
triad
Today's Top Quizzes in Music
Browse Music
hide this ad
Top Contributed Quizzes in Music
1
5X2 Blitz: Bands II
2
Taylor Swift All Songs (2024)
3
5X2 Blitz: The Beatles
4
5X2 Blitz: Billboard
5
Music Artist by Three 2010s hits
6
5X2 Blitz: Billboard II
7
5X2 Blitz: Album
8
5X2 Blitz: Rock
9
5X2 Blitz: Singers
10
5X2 Blitz: Lyrics
Explore More
Trending Topics
Disney
Kpop
Crossword
NBA
Marvel
Harry Potter
Anime
Country
Soccer
Song
The Office
Pokémon
Puzzle
WWE
NFL
hide this ad
More By:
threepwood
Quiz
Plays
Rating
Category
Featured
Created
World Records in Athletics
666
3.83
Sports
Oct 2, 2009
The Guitar Fingerboard
613
3.33
Music
Oct 20, 2009
Olympic Records in Athletics
312
2.67
Sports
Nov 21, 2009
Major Triads Inversions
262
4.50
Music
Dec 5, 2009
integrisane idiomi
120
1.00
Language
Dec 11, 2009
Go to Creator's Profile
Score Distribution
Quiz Creator Spotlight
threepwood
Follow
Send a Message
Quizzes Created
-
Created Quiz Play Count
-
More By This Creator
Popular Quizzes Today
1
Find the US States - No Outlines Minefield
2
Colored Red Africa Blitz
3
Find the 'City' Movie
4
The Countries of the World
5
Find the US States
6
5x2 Blitz: Bands
7
Find the Countries of Europe - No Outlines Minefield
8
US States
More Music Quizzes
Bands by Member - '60s Edition
Published
Trending Quizzes
Colored Red Europe Blitz I
Colored Red Europe Blitz II
Colored Red Africa Blitz II
Colored Red Europe Blitz III
Colored Red Africa Blitz III
Recently Updated
Odd Team Out - Big 4 Players
pecheneg
Quick Pick: 20 Twenties
pecheneg
March Madness Men's Triple Doubles
pecheneg
How Do You Spell That?
pecheneg
Godzilla Movies
pecheneg
Grab Bag: 4-10 Letters
pecheneg
2024 March Madness Bracket
pecheneg
Famous TV Couples
Peacemaker
Champions League XIs: Real Madrid
pecheneg
Largest US Cities 1790-2010
pecheneg
Trending Topics
Kpop
NBA
Marvel
Harry Potter
Disney
Crossword
Anime
Pokémon
Soccer
Song
The Office
WWE
Country
Puzzle
NFL
Your Account Isn't Verified!
In order to create a playlist on Sporcle, you need to verify the email address you used during registration. Go to your
Sporcle Settings
to finish the process.
Report this User
Report this user for behavior that violates our
Community Guidelines
.
Details:
Send Report
Go to the Sporcle.com Mobile Site →
Comments